Vyhodnocovanie dát z motion-capture obleku

Saved in:
Bibliographic Details
Main Author: Shevska, Myroslava (Author)
Other Authors: Kučera, Erik (Thesis advisor)
Format: Manuscript Book
Language:Slovak
Published: Bratislava : STU v Bratislave FEI, 2024
Subjects:
Online Access:https://opac.crzp.sk/?fn=detailBiblioFormChildWDRCH&sid=DDCD2C6FBCAD481F284AC0B200E4&seo=CRZP-detail-kniha
Tags: Add Tag
No Tags, Be the first to tag this record!

MARC

LEADER 00000ntm a22000003a 4500
001 stuzp96652
003 SK-STU
005 20250410104500.7
007 ta
008 150427s2015----xo-----f-mn---000-0-slo-d
040 |a STU  |b slo 
041 0 |a slo 
044 |a xo 
100 1 |a Shevska, Myroslava  |u 030400  |4 aut  |U FEI Fakulta elektrotechniky a informatiky  |T FEI Ústav automobilovej mechatroniky  |X 111988  |U E400  |Y 642  |7 111988 
242 0 1 |a Data Evaluating From Motion-capture Suit  |y eng 
245 1 0 |a Vyhodnocovanie dát z motion-capture obleku 
260 |a Bratislava :  |b STU v Bratislave FEI,  |c 2024 
300 |a 70 s. 
650 4 |a motion-capture oblek  |2 slo 
650 4 |a motion-capture  |2 slo 
650 4 |a GRU  |2 slo 
650 4 |a Neurónová sieť  |2 slo 
650 4 |a LSTM  |2 slo 
650 4 |a Python  |2 slo 
650 4 |a Neural Network  |2 eng 
650 4 |a motion-capture suit  |2 eng 
650 4 |a motion-capture  |2 eng 
650 4 |a GRU  |2 eng 
650 4 |a Python  |2 eng 
650 4 |a LSTM  |2 eng 
700 1 |a Kučera, Erik  |u 030400  |k Z1  |4 ths  |U FEI Fakulta elektrotechniky a informatiky  |T FEI Ústav automobilovej mechatroniky  |X 55901  |U E400  |Y 642  |7 A000055901 
856 4 |u https://opac.crzp.sk/?fn=detailBiblioFormChildWDRCH&sid=DDCD2C6FBCAD481F284AC0B200E4&seo=CRZP-detail-kniha